| 000 | 00819nam a2200265 a 4500 | ||
|---|---|---|---|
| 001 | BRCA_4685 | ||
| 005 | 20190320204751.0 | ||
| 008 | 011010s1911----be-a######---#000-0#fre-# | ||
| 041 | _afre | ||
| 044 | _abe | ||
| 050 | 4 |
_aND653.T4 _b.H45 1911 |
|
| 100 | 1 |
_aHellens, Franz _911891 |
|
| 245 | 1 | 0 |
_aGerard, Terborch _cpar Franz Hellens. |
| 260 |
_aBruselas _bG. van Oest _c1911 |
||
| 300 |
_a132 p. _bil. _c21 cm. |
||
| 440 | 0 |
_aCollection des grands artistes des Pays-Bas _911892 |
|
| 500 | _aIncluye listado de obra de Gerard Terborch e índice de ilustraciones | ||
| 500 | _aD58 | ||
| 504 | _aBibliografía: p. 128-130 | ||
| 600 | 1 | 4 |
_aTerborch, Gerard _d1617-1681 _911893 |
| 650 | 1 | 4 |
_aPintores holandeses _911894 |
| 710 | 2 |
_aLibrairie Nationale D´art & D´Histoire _911895 |
|
| 902 | _aGFM | ||
| 942 |
_2lcc _cB |
||
| 999 |
_c4385 _d4385 |
||